Wisdom at the crossroads : (Record no. 128280)
[ view plain ]
| 000 -LEADER | |
|---|---|
| fixed length control field | 00943nam a22002655i 4500 |
| 001 - CONTROL NUMBER | |
| control field | 20280984 |
| 003 - CONTROL NUMBER IDENTIFIER | |
| control field | ARRUPE |
| 005 - DATE AND TIME OF LATEST TRANSACTION | |
| control field | 20181002100000.0 |
| 008 - FIXED-LENGTH DATA ELEMENTS--GENERAL INFORMATION | |
| fixed length control field | 180112s2018 nju 000 0 eng |
| 010 ## - LIBRARY OF CONGRESS CONTROL NUMBER | |
| LC control number | 2018931297 |
| 020 ## - INTERNATIONAL STANDARD BOOK NUMBER | |
| International Standard Book Number | 9780809154197 (pbk. : alk. paper) |
| 020 ## - INTERNATIONAL STANDARD BOOK NUMBER | |
| International Standard Book Number | 9781587688010 (ebk. : alk. paper) |
| 040 ## - CATALOGING SOURCE | |
| Original cataloging agency | DLC |
| Language of cataloging | eng |
| Description conventions | rda |
| Transcribing agency | DLC |
| 042 ## - AUTHENTICATION CODE | |
| Authentication code | pcc |
| 050 ## - LIBRARY OF CONGRESS CALL NUMBER | |
| Classification number | BX3756.G12 C338 |
| 300 ## - PHYSICAL DESCRIPTION | |
| Dimensions | 21cm. |
| 100 1# - MAIN ENTRY--PERSONAL NAME | |
| Personal name | Casey, Thomas G. |
| 9 (RLIN) | 42648 |
| 245 10 - TITLE STATEMENT | |
| Title | Wisdom at the crossroads : |
| Remainder of title | the life and thought of michael Paul Gallagher / |
| Statement of responsibility, etc | Thomas G. Casey, SJ. |
| 260 ## - PUBLICATION, DISTRIBUTION, ETC. (IMPRINT) | |
| Place of publication, distribution, etc | Dublin |
| Name of publisher, distributor, etc | Messenger Publications |
| Date of publication, distribution, etc | 2018 |
| 300 ## - PHYSICAL DESCRIPTION | |
| Extent | 144p. |
| 906 ## - LOCAL DATA ELEMENT F, LDF (RLIN) | |
| a | 0 |
| b | ibc |
| c | orignew |
| d | 2 |
| e | epcn |
| f | 20 |
| g | y-gencatlg |
| 942 ## - ADDED ENTRY ELEMENTS (KOHA) | |
| Source of classification or shelving scheme | Library of Congress Classification |
| Koha item type | Monograph ( Printed materials) |
| Withdrawn status | Lost status | Source of classification or shelving scheme | Damaged status | Not for loan | Home library | Current library | Date acquired | Total Checkouts | Full call number | Barcode | Date last seen | Price effective from | Koha item type |
|---|---|---|---|---|---|---|---|---|---|---|---|---|---|
| Library of Congress Classification | ARRUPE LIBRARY | ARRUPE LIBRARY | 02/10/2018 | BX3756.G12 C338 | 46600002159 | 02/10/2018 | 02/10/2018 | Monograph ( Printed materials) |